000
00237nam a2200109Ia 4500
999
_c
8600
_d
8600
020
_a
978-0132555937
100
_a
Hamdy A. Taha
245
0
_a
Operations Research
260
_a
India
_b
World Scientific
_c
2000
300
_a
925
942
_c
BK